00925nam a22001457a 4500008004100000020001500041050001600056100002500072245009400097260004400191300002300235500003300258505046700291700002100758140718b xxu||||| |||| 00| 0 eng d a9964303122 aHD62.7.B628 aBoachie-Mensah, F.O. aEntrepreneurship and small business mangement. /cF.O. Boachie-Mensah and E.Marfo-Yiadom. aAccra :bGhana University Press,c2005. axiii,270p.:c20cm. aIncludes index and appendix. aContents: Nature and development of entrepreneurship -- Small business economy -- Starting your own small business -- Franchising -- Buying an existing business -- Forms of business ownership -- The business plan -- Management of resources -- Management of information systems -- Management of people -- Marketing -- Source of financing -- Financial documents for purchase and sales -- Maintaining financial records and financial planning -- Going international. aMarfo-Yiadom, E.